000 00921nam a22002537a 4500
999 _c64042
_d64042
005 20240530110711.0
008 180205s2015 ua g b 000 f ara d
017 _a2014/16751
_bمصر. دار الكتب
020 _a9789774991523
040 _aEG-CaGPL
_cEG-CaGPL
082 0 4 _221
_a813.009 /
_bش هـ
100 0 _aشعيب حليفى
245 1 2 _aهوية العلامات فى العتبات وبناء التأويل /
_cشعيب حليفى
250 _aط. 1
260 _aالقاهرة :
_bرؤية للنشر و التوزيع،
_c2015.
300 _a252 ص. ؛
_c19 سم.
504 _aيشتمل على ارجاعات ببليوجرافية
650 0 7 _2qrmak
_aالادب العربى
650 0 7 _2qrmak
_aالقصص العربية
650 0 7 _2qrmak
_aالقصص العربية
_xتاريخ ونقد
651 _2qrmak
942 _2ddc
_cBK